Southville International School and Colleges
Your cart is empty.
  • Cart
  • Lists
    Public lists Eva Luna New books Lux_list list_1
    Your lists Log in to create your own lists
  • Log in to your account
  • Your cookies
  • Search history
Southville International School and Colleges
  • Advanced search
  • Recent comments
  • Most popular
  • Libraries

Log in to your account

Log in with GOOGLE


If you do not have an external account, but do have a local account, you can still log in:

  1. Home
  2. MARC view: The Usborne guide to sewing and knitting /
Normal view MARC view ISBD view

The Usborne guide to sewing and knitting / (Record no. 10394)

[ view plain ]
MARC details
000 -LEADER
fixed length control field 00582nam a22002057a 4500
003 - CONTROL NUMBER IDENTIFIER
control field OSt
005 - DATE AND TIME OF LATEST TRANSACTION
control field 20140310182208.0
008 - FIXED-LENGTH DATA ELEMENTS--GENERAL INFORMATION
fixed length control field 130905t xxu||||| |||| 00| 0 eng d
020 ## - INTERNATIONAL STANDARD BOOK NUMBER
International Standard Book Number 9780746004135
050 ## - LIBRARY OF CONGRESS CALL NUMBER
Classification number TT 712
Item number .Al425 1989
082 ## - DEWEY DECIMAL CLASSIFICATION NUMBER
Classification number HS 646.2
Item number Al53 1989
100 ## - MAIN ENTRY--PERSONAL NAME
Personal name Allen, Helen
9 (RLIN) 16611
245 ## - TITLE STATEMENT
Title The Usborne guide to sewing and knitting /
Statement of responsibility, etc Helen Allen ; illustrated by Diana McLean.
260 ## - PUBLICATION, DISTRIBUTION, ETC. (IMPRINT)
Place of publication, distribution, etc Belgium :
Name of publisher, distributor, etc Usborne,
Date of publication, distribution, etc 1989.
300 ## - PHYSICAL DESCRIPTION
Extent 64 p. :
Other physical details ill, ;
Dimensions 21 cm.
541 ## - IMMEDIATE SOURCE OF ACQUISITION NOTE
-- 1
562 ## - COPY AND VERSION IDENTIFICATION NOTE
Number of copies 1
650 ## - SUBJECT ADDED ENTRY--TOPICAL TERM
Topical term or geographic name as entry element Sewing
9 (RLIN) 13942
942 ## - ADDED ENTRY ELEMENTS (KOHA)
Source of classification or shelving scheme Library of Congress Classification
Koha item type
Holdings
Withdrawn status Lost status Source of classification or shelving scheme Damaged status Home library Current library Shelving location Date acquired Total Checkouts Full call number Barcode Date last seen Copy number Price effective from Koha item type
    Library of Congress Classification   Luxembourg Library Luxembourg Library High School Section 09/05/2013   TT 712 .Al425 1989 2054 05/25/2015 1 09/05/2013 Books

The Usborne guide to sewing and knitting /

APA

Allen H., . (1989). The Usborne guide to sewing and knitting. Belgium: Usborne.

Chicago

Allen Helen, . 1989. The Usborne guide to sewing and knitting. Belgium: Usborne.

Harvard

Allen H., . (1989). The Usborne guide to sewing and knitting. Belgium: Usborne.

MLA

Allen Helen, . The Usborne guide to sewing and knitting. Belgium: Usborne. 1989.

  • Place hold
  • Print
  • Cite
  • Add to your cart (remove)
  • Save record
    BIBTEX Dublin Core MARCXML MARC (non-Unicode/MARC-8) MARC (Unicode/UTF-8) MARC (Unicode/UTF-8, Standard) MODS (XML) RIS
  • More searches
    Search for this title in:
    Other Libraries (WorldCat) Other Databases (Google Scholar) Online Stores (Bookfinder.com) Open Library (openlibrary.org)

Exporting to Dublin Core...

SOUTHVILLE LIBRARY

Southville International School and Colleges Library

1281 Tropical Ave. Cor. Luxembourg St., BF Homes International, Las Pinas City

Tel. No. 8256374 / 252358 Loc. 117/146

Powered by Koha